01697nam a2200325 4500001000400000003000400004005001700008008004100025020001500066040000800081041001300089082001800102100003600120240003800156245012200194260003700316300001100353520078700364650002301151650001801174650003001192650002201222650001301244650001501257650001601272650001001288655001201298655001601310700004501326214OSt20250902095129.0250203b |||||||g |||| 00| 1 eng d a8506037328 bpor hengapor a028.5bD754su1 aDoyle, Arthur Conan,d1859-1930 aThe adventures of Sherlock Holmes aSherlock Holmes: bO último adeus de Sherlock Holmes /cDoyle, Arthur Conan ; Tradução de Antonio Carlos Vilela aSão PaulobMelhoramentosc2003 a144 p. aSherlock Holmes ainda hoje é um dos mais atrantes personangens dos romances policiais. Desvendar crimes que pareciam insolúveis até mesmo para a Scotland Yard, a famosa polícia inglesa, fez do seu nome um sinônimo de "detetive". E, como a vida parece mesmo imitar a ficção, a imortal criação de Sir Arthur Conan Doyle continua a despertar o interesse de jovens e adultos, de tal forma que seu endereço fictício - 221B, Baker Street - abriga hoje o museu do ilustre detetive, atraindo visitantes do mundo inteiro. As fascinantes aventuras de Sherlock Holmes, escritas ao longo de quase quarenta anos, são agora apresentadas integralmente em nova tradução para o português, realizada por Antonio Carlos Vilela, autor de livros juvenis de muito sucesso. 0aLiteratura Inglesa 0aAdaptação 0aCrime e Investigação  0aRomance Policial  0aSuspense 0aMistério 0aClássicos 0aFilme 0aRomance 0aFicção 1 aVilela, Antonio Carlos,d1966-eTradutor